<?xml version="1.0" encoding="UTF-8"?>
<marc:record xmlns:marc="http://www.loc.gov/MARC21/slim">
   <marc:leader>00000nam a2200000 a 4500</marc:leader>
   <marc:datafield ind1="1" ind2=" " tag="100">
      <marc:subfield code="a">Mauder, Katharina</marc:subfield>
      <marc:subfield code="4">aut</marc:subfield>
      <marc:subfield code="e">Verfasser/-in</marc:subfield>
   </marc:datafield>
   <marc:datafield ind1="0" ind2="0" tag="245">
      <marc:subfield code="a">Die kleine Prinzessin und der Zauberspiegel</marc:subfield>
   </marc:datafield>
   <marc:datafield ind1="0" ind2="0" tag="245">
      <marc:subfield code="b">Prinzessinnengeschichten</marc:subfield>
   </marc:datafield>
   <marc:datafield ind1="0" ind2="0" tag="245">
      <marc:subfield code="c">von Cornelia Funke, Michael Ende, Paul Maar u.a. Mit Ill. von Naeko Ishida. Katharina Mauder (Hg.)</marc:subfield>
   </marc:datafield>
   <marc:datafield ind1=" " ind2="1" tag="264">
      <marc:subfield code="a">Lahr</marc:subfield>
      <marc:subfield code="b">Kaufmann</marc:subfield>
      <marc:subfield code="c">2013</marc:subfield>
   </marc:datafield>
   <marc:datafield ind1="1" ind2=" " tag="520">
      <marc:subfield code="a">Angaben aus der Verlagsmeldung

Die kleine Prinzessin und der Zauberspiegel : Prinzessinnengeschichten von Cornelia Funke, Michael Ende, Paul Maar und anderen

Leni hätte so gerne jemanden, der mit ihr Prinzessin spielt. Und Prinzessin Emma hört nachts Monster in den Wasserleitungen. Von solchen mal mutigen, mal frechen und manchmal klassisch märchenhaften Prinzessinnen erzählen 13 Geschichten zum Vor- und Selberlesen.

13 fantasievolle Prinzessinnengeschichten
Bezaubernde Illustrationen
Mit Glitzer-Cover und Sticker-Bogen
</marc:subfield>
   </marc:datafield>
   <marc:datafield ind1=" " ind2=" " tag="020">
      <marc:subfield code="a">9783780628800</marc:subfield>
      <marc:subfield code="9">9783780628800</marc:subfield>
   </marc:datafield>
   <marc:datafield ind1=" " ind2=" " tag="020">
      <marc:subfield code="a">3780628805</marc:subfield>
      <marc:subfield code="9">3780628805</marc:subfield>
   </marc:datafield>
   <marc:datafield ind1=" " ind2=" " tag="041">
      <marc:subfield code="a">ger</marc:subfield>
   </marc:datafield>
   <marc:datafield ind1=" " ind2=" " tag="300">
      <marc:subfield code="a">78 S.</marc:subfield>
   </marc:datafield>
</marc:record>
